00493nam a2200133 a 450000100100000000500170001000800410002704000250006811000700009324000160016324500710017926000880025030000210033800003101420200930062641.0110610s1945 000 spa d aDO-SdBNPbspacBNPHU1 aRepública DominicanabProcuraduria de General de la República10aLeyes, etc.10aRecopilación de las leyes relacionadas con el servicio judicial. aCiudad Trujillo, República Dominicana :bEditora Luis Sánchez Andújar,c1945. a534 p. ;c24 cm.